Datum a čas kvízu
25
Celkem bodů
Celkový počet nahraných bodů na tomto kvízu bez doplňovacích otázek.
10.
Pořadí na kvízu
Konečné umístění týmu na tomto kvízu.
Zaznamenané odpovědi
| # | Otázka | Odpověď | Body | Výsledky |
|---|---|---|---|---|
| 1. | Jaká je výše nepodmíněného tre... | 7 let | 1 | |
| 2. | Okurková sezóna právě začala,... | Puma nejezdí lidi. | 0 | |
| 3. | Minulé pondělí mělo na nádvoří... | Tatiana Vilhelmová | 0 | |
| 4. | Investiční skupina EP Global C... | Daniel Křetínský, Patrik Tkáč | 0 | |
| 5. | Napište jméno sportovce, který... | David Kostelecký | 0 | |
| -14. | Začneme moderními polskými děj... | v roce 2010 | 0 | |
| -13. | Jak se jmenoval kníže, který s... | Boleslav Chrabrý | 0 | |
| -12. | Rok po Druhém dělení Polska do... | Tadeusz Kościuszko | 0 | |
| -11. | V roce 1940 bylo povražděno př... | Katyň | 1 | |
| -10. | Ve kterém polském městě vznikl... | v Gdaňsku | 0 |